Statistiques concernant 20 plus grandes villes de france

Cliquez ici pour prendre le quiz!

Statistiques générales

  • Ce quiz a été pris 2 699 fois
  • Le résultat moyen est 16 sur 20

Statistiques - réponses

RangDépartementsPopulationVille% Correct
1752 187 526Paris
100%
369516 092Lyon
99%
213863 310Marseille
99%
1059232 787Lille
96%
933254 436Bordeaux
95%
506340 017Nice
95%
431479 553Toulouse
95%
867280 966Strasbourg
93%
644309 346Nantes
91%
1135216 815Rennes
87%
734285 121Montpellier
83%
1638158 454Grenoble
69%
1483171 953Toulon
68%
1342172 565Saint-Étienne
67%
1721156 920Dijon
66%
1251182 460Reims
62%
1576170 147Le Havre
60%
1849152 960Angers
58%
1930150 610Nîmes
50%
2097-4147 931Saint-Denis
46%

Distribution des résultats

Percentile par nombre de réponses

% des personnes avec chaque résultat

Votre développement - résultats

Vous n’avez pas pris ce quiz